| 000 | 00943nam a22002417a 4500 | ||
|---|---|---|---|
| 008 | 081212t xxu||||| |||| 00| 0beng d | ||
| 010 | _aENG-99746 | ||
| 020 |
_c395.00 _a9788132104575 |
||
| 035 | _aEN-83278 | ||
| 037 | _bDBAD / PUB | ||
| 040 |
_adpl _bEnglish |
||
| 082 | _a300.72 | ||
| 100 |
_93724 _aGuthrie, Gerard |
||
| 245 |
_aBasic research methods: _cby Gerard Guthrie _ban entry to social science research / |
||
| 260 |
_aNew Delhi _bSage Publications _c2010 |
||
| 270 |
_aB 1/I-1 Mohan Cooperative Industrial Area Mathura Road, _bNew Delhi _e110044 |
||
| 300 |
_axviii, 221p. _c24cm (pbk) |
||
| 500 | _aIncludes bibliographical references and index | ||
| 600 |
_aBaba Visakha Singh _xBiography. _93725 |
||
| 700 | _910254 | ||
| 942 |
_2ddc _cEN _mGUT _h300.72 |
||
| 999 |
_c41065 _d41065 |
||